=LDR 00000nam 2200000 4500 =001 INLIS000000000007633 =005 20130612095611 =008 ***********************************Ind** =035 ##$$0010-061300000007633 =041 ##$$a Ind =082 ##$$a 005 =090 ##$$a 005, Sur a =100 ##$$a Survivaliadi =245 ##$$a Aplikasi makna dan fungsi lotus 123, Ir. Survivaliadi =260 ##$$a 1994 $b Yogyakarta =300 ##$$a viii, 142 hlm, 21 cm =650 ##$$a Lotus 123-program komputer